| 000 | 00989cam a2200265 4500 | ||
|---|---|---|---|
| 001 | L128861 | ||
| 002 | 8711 | ||
| 008 | 050221n2005 000 0 eng u | ||
| 020 | _a1842192264 | ||
| 035 | _a(Sirsi) u128861 | ||
| 041 | 0 | _aeng | |
| 050 | _a346.4104346 $2 18 | ||
| 100 | 1 | _aLamont, Camilla | |
| 245 | 0 | 0 | _aCase in point lease renewal |
| 260 |
_aCoventry _bRICS _c2005 |
||
| 300 |
_axxviii, 178p. _c21cm. |
||
| 350 | _a24.95 | ||
| 490 | 0 | _aRICS Case in Point Series | |
| 520 | _aA practical guide to lease renewals. Discusses: contracting out of the 1954 Act; continuation of tenancies; notices, requests and applications to court; opposing new tenancies and disputes about new tenancy terms; preparing and giving expert evidence; compensation on quitting the holding; and interim rent. | ||
| 590 | _aIKA130905 | ||
| 690 | _aPROPERTY-LEASEHOLD PROPERTY-LANDLORD AND TENANT-LEASES-LEASE RENEWAL | ||
| 700 | 1 | _aSeifert, Anne | |
| 700 | 1 | _aStaycey, Miriam | |
| 942 | _n0 | ||
| 999 |
_c104026 _d104026 |
||